[Event "Managua Hurtado Memorial 22nd"]
[Site "Managua"]
[Date "2022.12.30"]
[Round "9"]
[White "Avalos, Carlos"]
[Black "Diego Martinez, Humberto Jose"]
[Result "1/2-1/2"]
[WhiteElo "1837"]
[BlackElo "2072"]
[PlyCount "22"]
[EventDate "2022.12.26"]
[EventType "swiss"]
[EventRounds "9"]
[EventCountry "NCA"]
[SourceTitle "CBM 212 Extra"]
[Source "ChessBase"]
[SourceDate "2023.03.31"]
[SourceVersion "1"]
[SourceVersionDate "2023.03.31"]
[SourceQuality "1"]

1. Nf3 Nf6 2. b3 d5 3. e3 c6 4. Bb2 Bf5 5. Be2 e6 6. Nh4 Bg6 7. d3 Nbd7 8. Nd2 a5 9. Nxg6 hxg6 10. a4 Bb4 11. 0-0 Qc7 1/2-1/2

[Event "Managua Ramirez de Arellano Memorial"]
[Site "Managua"]
[Date "2022.07.31"]
[Round "5"]
[White "Diego Martinez, Humberto Jose"]
[Black "Avalos, Carlos"]
[Result "1-0"]
[WhiteElo "2076"]
[BlackElo "1822"]
[PlyCount "91"]
[EventDate "2022.07.23"]
[EventType "swiss"]
[EventRounds "9"]
[EventCountry "NCA"]
[SourceTitle "EXT 2024"]
[Source "ChessBase"]
[SourceDate "2023.10.10"]
[SourceVersion "1"]
[SourceVersionDate "2023.10.10"]
[SourceQuality "1"]

1. e4 c6 2. d4 d5 3. exd5 cxd5 4. Bd3 Nf6 5. c3 Nc6 6. Bf4 Bg4 7. Qb3 Qd7 8. Nd2 e6 9. Ngf3 Bxf3 10. Nxf3 Bd6 11. Bxd6 Qxd6 12. 0-0 0-0 13. Rae1 a6 14. Ne5 Nd7 15. f4 b5 16. a3 Rae8 17. Qc2 f5 18. Qe2 Nf6 19. Rf3 Ne4 20. Rh3 Nxe5 21. fxe5 Qd7 22. Rf1 Re7 23. Bxe4 dxe4 24. g4 g6 25. g5 Qd5 26. Rf4 Ref7 27. Rh6 Rg7 28. h4 Qd8 29. Kf2 Rff7 30. Ke1 Rb7 31. Qe3 b4 32. axb4 a5 33. Rf2 axb4 34. c4 Rgd7 35. Rd2 Qa5 36. h5 Qa1+ 37. Kf2 Rg7 38. hxg6 Rxg6 39. d5 exd5 40. cxd5 f4 41. Rxg6+ hxg6 42. Qxe4 Kg7 43. e6 Kh7 44. d6 Qa7+ 45. Qd4 Qa1 46. Rd1 1-0

[Event "Managua Ramirez de Arellano Memorial"]
[Site "Managua"]
[Date "2022.07.24"]
[Round "2"]
[White "Flores, Manuel"]
[Black "Diego Martinez, Humberto Jose"]
[Result "0-1"]
[WhiteElo "1826"]
[BlackElo "2076"]
[PlyCount "74"]
[EventDate "2022.07.23"]
[EventType "swiss"]
[EventRounds "9"]
[EventCountry "NCA"]
[SourceTitle "EXT 2024"]
[Source "ChessBase"]
[SourceDate "2023.10.10"]
[SourceVersion "1"]
[SourceVersionDate "2023.10.10"]
[SourceQuality "1"]

1. d4 d5 2. c4 c6 3. Nc3 Nf6 4. Nf3 dxc4 5. a4 Bf5 6. e3 e6 7. Bxc4 Bb4 8. 0-0 Nbd7 9. Na2 Be7 10. b4 0-0 11. Qb3 h6 12. Nc3 Bd6 13. Rd1 Qe7 14. Ba3 a6 15. a5 Rad8 16. Na4 Bg4 17. Be2 e5 18. dxe5 Nxe5 19. Nc5 Nxf3+ 20. gxf3 Bc8 21. Bc4 Qe5 22. f4 Qh5 23. Bf1 Bxc5 24. bxc5 Bh3 25. Qc2 Qg4+ 26. Kh1 Qf3+ 27. Kg1 Qg4+ 28. Kh1 Bxf1 29. Rxf1 Qf3+ 30. Kg1 Ng4 31. Rae1 Rd3 32. Bc1 Rd5 33. Qe2 Nxh2 34. e4 Rh5 35. f5 Qh3 36. f3 Nxf1 37. Rxf1 Qh1+ 0-1

[Event "NCA-ch op"]
[Site "Managua"]
[Date "2021.09.12"]
[Round "8"]
[White "Berrios Vanegas, Yanko Antonio"]
[Black "Diego Martinez, Humberto Jose"]
[Result "0-1"]
[WhiteElo "1424"]
[BlackElo "2070"]
[PlyCount "134"]
[EventDate "2021.08.28"]
[EventType "swiss"]
[EventRounds "9"]
[EventCountry "NCA"]
[SourceTitle "EXT 2023"]
[Source "ChessBase"]
[SourceDate "2022.10.05"]
[SourceVersion "1"]
[SourceVersionDate "2022.10.05"]
[SourceQuality "1"]

1. Nf3 d5 2. d4 Nf6 3. e3 Bf5 4. Bd3 Bxd3 5. Qxd3 c6 6. b3 e6 7. Bb2 Nbd7 8. Nbd2 a5 9. a4 Bb4 10. c3 Bd6 11. 0-0 0-0 12. Rfe1 Qb6 13. e4 dxe4 14. Nxe4 Nxe4 15. Qxe4 Qxb3 16. Reb1 Qd5 17. Qxd5 cxd5 18. Ba3 Bxa3 19. Rxa3 b6 20. Rab3 f6 21. Re1 Kf7 22. h4 Rfc8 23. Nd2 Rc6 24. f4 Rac8 25. Re3 h5 26. Kf2 Nf8 27. Nf3 Ng6 28. g3 Ne7 29. Nd2 Nf5 30. Rd3 Nd6 31. Nb1 Ne4+ 32. Kf3 Kg6 33. Re3 Kf5 34. Rd3 g5 35. hxg5 fxg5 36. fxg5 Kxg5 37. Kg2 Rh8 38. Nd2 Nxd2 39. Rxd2 h4 40. gxh4+ Rxh4 41. Re2 Re4 42. Kf3 Kf5 43. Re3 Rh4 44. Kg3 Rh1 45. Rf3+ Kg5 46. Ra3 Rb1 47. Kg2 Rc8 48. Rg3+ Kf6 49. Kf2 Rh8 50. Kg2 Rhh1 51. Rf3+ Ke7 52. Kg3 Rhc1 53. Kf4 Kd6 54. Rf2 Ra1 55. Rb3 Rcb1 56. Rfb2 Rxb2 57. Rxb2 Kc6 58. Ke5 Rxa4 59. Rb3 Ra1 60. Kxe6 Re1+ 61. Kf5 b5 62. Kf4 a4 63. Ra3 Kb6 64. Kf3 Ka5 65. Kf2 Re8 66. Kf1 b4 67. cxb4+ Kxb4 0-1

[Event "NCA-ch op"]
[Site "Managua"]
[Date "2021.09.11"]
[Round "7"]
[White "Diego Martinez, Humberto Jose"]
[Black "Davila, Carlos"]
[Result "0-1"]
[WhiteElo "2070"]
[BlackElo "2199"]
[PlyCount "84"]
[EventDate "2021.08.28"]
[EventType "swiss"]
[EventRounds "9"]
[EventCountry "NCA"]
[SourceTitle "EXT 2023"]
[Source "ChessBase"]
[SourceDate "2022.10.05"]
[SourceVersion "1"]
[SourceVersionDate "2022.10.05"]
[SourceQuality "1"]

1. e4 e6 2. d3 d5 3. Nd2 g6 4. Ngf3 Bg7 5. g3 Ne7 6. Bg2 0-0 7. 0-0 Nd7 8. Re1 a5 9. a4 b6 10. Nf1 dxe4 11. Rxe4 Bb7 12. Re1 Ra7 13. Ne3 Qa8 14. Qe2 Nf5 15. Nxf5 exf5 16. Nh4 Bxg2 17. Nxg2 Ne5 18. Nh4 c5 19. Bf4 Nc6 20. c3 h6 21. Nf3 Rd8 22. h4 Re7 23. Qc2 Red7 24. Rad1 Nb4 25. cxb4 Qxf3 26. bxa5 bxa5 27. Re3 Qc6 28. Be5 Bxe5 29. Rxe5 c4 30. Rxa5 f4 31. h5 fxg3 32. hxg6 Qxg6 33. Qxc4 Rxd3 34. Rxd3 Rxd3 35. Ra8+ Kg7 36. Qf4 Rd1+ 37. Kg2 gxf2+ 38. Kxf2 Qc2+ 39. Kg3 Rg1+ 40. Kh4 Rh1+ 41. Kg4 f5+ 42. Kg3 Qh2+ 0-1

[Event "NCA-ch op"]
[Site "Managua"]
[Date "2021.09.05"]
[Round "6"]
[White "Alfaro Caracas, William"]
[Black "Diego Martinez, Humberto Jose"]
[Result "1/2-1/2"]
[WhiteElo "2171"]
[BlackElo "2070"]
[PlyCount "88"]
[EventDate "2021.08.28"]
[EventType "swiss"]
[EventRounds "9"]
[EventCountry "NCA"]
[SourceTitle "EXT 2023"]
[Source "ChessBase"]
[SourceDate "2022.10.05"]
[SourceVersion "1"]
[SourceVersionDate "2022.10.05"]
[SourceQuality "1"]

1. Nf3 d5 2. g3 Nf6 3. Bg2 Bf5 4. 0-0 c6 5. d3 h6 6. c4 e6 7. Qb3 Qb6 8. Be3 Qb4 9. cxd5 exd5 10. Nbd2 Nbd7 11. Qxb4 Bxb4 12. a3 Bd6 13. b4 0-0 14. Nb3 Ne5 15. Bc5 Nxf3+ 16. Bxf3 Bxc5 17. Nxc5 b6 18. Nb3 Rfe8 19. Rfc1 Rac8 20. Rc2 Rc7 21. Nd4 Bd7 22. Nb5 Rb7 23. Nd6 Rbb8 24. Nxe8 Rxe8 25. a4 g5 26. e3 g4 27. Bg2 Kg7 28. d4 h5 29. b5 cxb5 30. axb5 Bxb5 31. Rc7 Bc4 32. Raxa7 Rf8 33. h4 b5 34. Bf1 Ne4 35. Bxc4 bxc4 36. Kf1 Kg6 37. Ra6+ f6 38. Re6 Kf5 39. Ree7 Ra8 40. Ra7 Rb8 41. Reb7 Rc8 42. Rc7 Rb8 43. Rcb7 Rc8 44. Rc7 Rb8 1/2-1/2

[Event "NCA Selectivo II Etapa"]
[Site "Managua"]
[Date "2021.07.10"]
[Round "8"]
[White "Diego Martinez, Humberto Jose"]
[Black "Alfaro Caracas, William"]
[Result "0-1"]
[WhiteElo "2081"]
[BlackElo "2149"]
[PlyCount "80"]
[EventDate "2021.07.03"]
[EventType "tourn"]
[EventRounds "9"]
[EventCountry "NCA"]
[SourceTitle "EXT 2022"]
[Source "ChessBase"]
[SourceDate "2021.10.06"]
[SourceVersion "1"]
[SourceVersionDate "2021.10.06"]
[SourceQuality "1"]

1. e4 c5 2. Nf3 g6 3. d4 cxd4 4. Qxd4 Nf6 5. e5 Nc6 6. Qa4 Nd5 7. Qe4 Nb6 8. Nc3 Bg7 9. Bf4 d5 10. exd6 Bxc3+ 11. bxc3 Bf5 12. Qe3 Nd5 13. Qd2 Nxf4 14. Qxf4 Qa5 15. Qe3 0-0 16. Bc4 exd6 17. 0-0 Rae8 18. Qh6 Qxc3 19. Bb3 Nd4 20. Nxd4 Qxd4 21. Rad1 Qf6 22. Qd2 Rc8 23. Qxd6 Qxd6 24. Rxd6 Bxc2 25. Rd7 Bxb3 26. axb3 b5 27. Rxa7 Rc3 28. Rb1 Rd8 29. g3 Rdd3 30. b4 Rc2 31. Rb7 Rf3 32. Rf1 Rf5 33. f4 Rb2 34. Rf2 Rxb4 35. Rd2 h5 36. Kg2 Kg7 37. Rdd7 Rb2+ 38. Kg1 h4 39. Rbc7 h3 40. Rd4 b4 0-1

[Event "NCA Selectivo II Etapa"]
[Site "Managua"]
[Date "2021.07.07"]
[Round "5"]
[White "Rocha, Maximiliano"]
[Black "Diego Martinez, Humberto Jose"]
[Result "1-0"]
[WhiteElo "2111"]
[BlackElo "2081"]
[PlyCount "59"]
[EventDate "2021.07.03"]
[EventType "tourn"]
[EventRounds "9"]
[EventCountry "NCA"]
[SourceTitle "EXT 2022"]
[Source "ChessBase"]
[SourceDate "2021.10.06"]
[SourceVersion "1"]
[SourceVersionDate "2021.10.06"]
[SourceQuality "1"]

1. e4 c6 2. d4 d5 3. Nc3 dxe4 4. Nxe4 Bf5 5. Ng3 Bg6 6. Bc4 e6 7. N1e2 Bd6 8. h4 h6 9. Nf4 Bh7 10. Ngh5 Bxf4 11. Bxf4 Nf6 12. Nxg7+ Ke7 13. Qd2 a5 14. 0-0-0 Nbd7 15. Rhe1 Qb6 16. Bxh6 Rag8 17. Qf4 Qb4 18. Bb3 Qd6 19. Nxe6 fxe6 20. Rxe6+ Qxe6 21. Bxe6 Kxe6 22. Re1+ Kf7 23. Bg5 Re8 24. Re5 c5 25. g4 Re6 26. Rxe6 Kxe6 27. Bxf6 Nxf6 28. Qe5+ Kf7 29. g5 Re8 30. Qxf6+ 1-0

[Event "Managua NCA Select-1"]
[Site "Managua"]
[Date "2021.05.14"]
[Round "5"]
[White "Rocha, Maximiliano"]
[Black "Diego Martinez, Humberto Jose"]
[Result "0-1"]
[WhiteElo "2085"]
[BlackElo "2083"]
[PlyCount "112"]
[EventDate "2021.05.10"]
[EventType "tourn"]
[EventRounds "9"]
[EventCountry "NCA"]
[SourceTitle "EXT 2022"]
[Source "ChessBase"]
[SourceDate "2021.10.06"]
[SourceVersion "1"]
[SourceVersionDate "2021.10.06"]
[SourceQuality "1"]

1. e4 c6 2. d4 d5 3. Nc3 dxe4 4. Nxe4 Bf5 5. Ng3 Bg6 6. h4 h6 7. Nf3 Nd7 8. h5 Bh7 9. Bc4 e6 10. Qe2 Ngf6 11. Ne5 Nxe5 12. dxe5 Nd7 13. 0-0 Qh4 14. Bb3 Bc5 15. Be3 Bb6 16. Rad1 0-0-0 17. Bxb6 Nxb6 18. Qe3 Rxd1 19. Rxd1 Rd8 20. Rxd8+ Qxd8 21. c4 Qd3 22. Qf4 Qb1+ 23. Kh2 Qxb2 24. Qe3 Nd7 25. f4 b6 26. Qf3 Kc7 27. Qd1 Qa3 28. Qg4 Qf8 29. Bd1 Nc5 30. Bf3 f6 31. Ne2 Bf5 32. Qh4 Qd8 33. exf6 gxf6 34. Qf2 Qd6 35. Qd4 e5 36. Qe3 Bd3 37. fxe5 Qxe5+ 38. Qxe5+ fxe5 39. Ng3 e4 40. Be2 Kd6 41. Kh3 Ke5 42. Kg4 Nd7 43. Bd1 Nf6+ 44. Kh4 Bxc4 45. a3 c5 46. Ne2 Bxe2 47. Bxe2 Kd4 48. g4 Nh7 49. Kg3 Ke3 50. Bc4 Ng5 51. Bb5 Kd4 52. Kf2 c4 53. Ke2 a5 54. Ba4 Kc3 55. Ke3 Kb2 56. Bc6 c3 0-1

[Event "NCA-ch sf"]
[Site "Managua"]
[Date "2021.02.27"]
[Round "7"]
[White "Castillo Sevilla, Ian Eiffel"]
[Black "Diego Martinez, Humberto Jose"]
[Result "0-1"]
[WhiteElo "1953"]
[BlackElo "2076"]
[PlyCount "100"]
[EventDate "2021.02.13"]
[EventType "swiss"]
[EventRounds "9"]
[EventCountry "NCA"]
[SourceTitle "EXT 2022"]
[Source "ChessBase"]
[SourceDate "2021.10.06"]
[SourceVersion "1"]
[SourceVersionDate "2021.10.06"]
[SourceQuality "1"]

1. d4 d5 2. Nf3 Nf6 3. g3 c6 4. Bg2 Bf5 5. c4 e6 6. Nc3 h6 7. 0-0 Be7 8. Qb3 Qb6 9. c5 Qxb3 10. axb3 Nbd7 11. b4 0-0 12. b5 cxb5 13. Nxb5 a6 14. Nc3 Rfc8 15. Bf4 b6 16. b4 g5 17. Bd2 Ne4 18. h3 Bf6 19. e3 Nxd2 20. Nxd2 bxc5 21. bxc5 Nxc5 22. g4 Bg6 23. Ra3 Nd7 24. Rfa1 Be7 25. Rb3 a5 26. Rb7 Rxc3 27. Rxd7 Bb4 28. Rb7 Rac8 29. Bf1 Rc1 30. Rxc1 Rxc1 31. Nb3 Rb1 32. Nc5 Bxc5 33. Rxb1 Bxb1 34. dxc5 Kf8 35. Bb5 Ke7 36. Kf1 Be4 37. Ke2 Bg6 38. Kd2 h5 39. gxh5 Bxh5 40. f4 f6 41. fxg5 fxg5 42. e4 dxe4 43. Ke3 Bf3 44. Kd4 Kd8 45. Bc4 e5+ 46. Kxe5 e3 47. Kd6 a4 48. Ke5 a3 49. Kd4 e2 50. Bxe2 Bxe2 0-1

[Event "NCA-ch sf"]
[Site "Managua"]
[Date "2021.02.14"]
[Round "2"]
[White "Diego Martinez, Humberto Jose"]
[Black "Quintanilla, Marvin"]
[Result "1-0"]
[WhiteElo "2076"]
[BlackElo "1925"]
[PlyCount "97"]
[EventDate "2021.02.13"]
[EventType "swiss"]
[EventRounds "9"]
[EventCountry "NCA"]
[SourceTitle "EXT 2022"]
[Source "ChessBase"]
[SourceDate "2021.10.06"]
[SourceVersion "1"]
[SourceVersionDate "2021.10.06"]
[SourceQuality "1"]

1. e4 c6 2. Nc3 d5 3. Nf3 a6 4. a3 d4 5. Ne2 c5 6. b4 b6 7. bxc5 bxc5 8. c3 dxc3 9. Nxc3 Nc6 10. Bc4 e6 11. 0-0 Nf6 12. e5 Nd7 13. Qe2 Qc7 14. Re1 Be7 15. d3 h6 16. Bf4 Bb7 17. Ne4 0-0 18. Qe3 Kh7 19. Nd6 Nb6 20. Qxc5 Nxc4 21. Qxc4 Qd7 22. Nxb7 Qxb7 23. Rab1 Qd7 24. d4 Rfc8 25. Qd3+ Kg8 26. Red1 Qd5 27. h3 Bf8 28. Be3 Ne7 29. Rdc1 Rxc1+ 30. Bxc1 Qc6 31. Be3 Nd5 32. Bd2 Qa4 33. Rb3 Rc8 34. g4 g6 35. h4 Qc4 36. Qxc4 Rxc4 37. Rb8 Kg7 38. Bxh6+ Kxh6 39. Rxf8 Kg7 40. Ra8 Ra4 41. Ra7 Rxa3 42. Ng5 Nc3 43. Rxf7+ Kg8 44. Rf6 Ne2+ 45. Kg2 Nxd4 46. Rxg6+ Kh8 47. h5 Ne2 48. Nxe6 a5 49. h6 1-0

[Event "NCA-chT Final"]
[Site "Managua"]
[Date "2020.10.25"]
[Round "4.3"]
[White "Diego Martinez, Humberto Jose"]
[Black "Allen Montes, Charles Mijail"]
[Result "1-0"]
[WhiteElo "2044"]
[BlackElo "1439"]
[PlyCount "78"]
[EventDate "2020.10.24"]
[EventType "team-tourn"]
[EventRounds "11"]
[EventCountry "NCA"]
[SourceTitle "EXT 2022"]
[Source "ChessBase"]
[SourceDate "2021.10.06"]
[SourceVersion "1"]
[SourceVersionDate "2021.10.06"]
[SourceQuality "1"]

1. d4 d5 2. Bf4 f5 3. e3 e6 4. Nc3 c6 5. Bd3 Nf6 6. h3 Bd6 7. Nge2 0-0 8. g4 Ne4 9. gxf5 Nxc3 10. bxc3 exf5 11. h4 Be7 12. h5 Be6 13. Qb1 b6 14. Qb3 Nd7 15. c4 Nf6 16. 0-0-0 Ne4 17. Rdf1 Bh4 18. Rh2 Rf7 19. Be5 Bf6 20. Nf4 Bxe5 21. dxe5 dxc4 22. Nxe6 cxb3 23. Nxd8 bxa2 24. Kb2 Rxd8 25. Bc4 Nd2 26. Bxf7+ Kxf7 27. Ra1 Nf3 28. Rhh1 Nxe5 29. Rhd1 Re8 30. Kxa2 Ng4 31. Rd2 Re5 32. Kb2 a5 33. Rg1 Rb5+ 34. Kc1 Ne5 35. Rd6 Ke7 36. Rd4 g6 37. h6 g5 38. f4 gxf4 39. exf4 Nf7 1-0

[Event "NCA-chT 1st Stage"]
[Site "Managua"]
[Date "2020.10.04"]
[Round "3.1"]
[White "Izaba, Rodolfo"]
[Black "Diego Martinez, Humberto Jose"]
[Result "0-1"]
[WhiteElo "1996"]
[BlackElo "2044"]
[PlyCount "51"]
[EventDate "2020.10.03"]
[EventType "team-swiss"]
[EventRounds "9"]
[EventCountry "NCA"]
[SourceTitle "EXT 2022"]
[Source "ChessBase"]
[SourceDate "2021.10.06"]
[SourceVersion "1"]
[SourceVersionDate "2021.10.06"]
[SourceQuality "1"]

1. e4 c6 2. d4 d5 3. Nc3 dxe4 4. Nxe4 Bf5 5. Ng3 Bg6 6. Nf3 Nd7 7. Bd3 Bxd3 8. Qxd3 e6 9. Bf4 Qa5+ 10. c3 Ngf6 11. 0-0 Be7 12. Rfe1 0-0 13. a3 c5 14. Nf5 exf5 15. Rxe7 Nd5 16. Rxd7 Nxf4 17. Qxf5 Qb5 18. Ne5 Ne2+ 19. Kh1 Qxb2 20. Rb1 Qa2 21. Rdxb7 Nxc3 22. Re1 cxd4 23. h4 Qd2 24. Rf1 Qh6 25. g3 Qe6 26. Qh5 0-1

[Event "NCA-chT fase1"]
[Site "Managua"]
[Date "2019.10.12"]
[Round "7.4"]
[White "Diego Martinez, Humberto Jose"]
[Black "Espinoza Ortega, Yader Francisco"]
[Result "1-0"]
[WhiteElo "2034"]
[BlackElo "1412"]
[PlyCount "37"]
[EventDate "2019.09.28"]
[EventType "team-swiss"]
[EventRounds "9"]
[EventCountry "NCA"]
[SourceTitle "CBM 194 Extra"]
[Source "ChessBase"]
[SourceDate "2020.03.31"]
[SourceVersion "1"]
[SourceVersionDate "2020.03.31"]
[SourceQuality "1"]
[WhiteTeam "Soldados del Amor"]
[BlackTeam "Yader Cabrera"]
[WhiteTeamCountry "NCA"]
[BlackTeamCountry "NCA"]

1. d4 Nf6 2. Bg5 d5 3. Nc3 e6 4. e3 Be7 5. Bd3 c5 6. Nf3 Nbd7 7. 0-0 0-0 8. b3 cxd4 9. exd4 b6 10. Qe2 Bb7 11. Ne5 Ne4 12. Bxe7 Nxc3 13. Qh5 g6 14. Qh4 Qc7 15. Nxd7 Qxd7 16. Bf6 h5 17. Qg5 Kh7 18. Qxh5+ Kg8 19. Qh8# 1-0

[Event "NCA-chT fase1"]
[Site "Managua"]
[Date "2019.10.05"]
[Round "4.4"]
[White "Diego Martinez, Humberto Jose"]
[Black "Ordonez, Alvaro"]
[Result "1-0"]
[WhiteElo "2034"]
[BlackElo "1805"]
[PlyCount "57"]
[EventDate "2019.09.28"]
[EventType "team-swiss"]
[EventRounds "9"]
[EventCountry "NCA"]
[SourceTitle "CBM 194 Extra"]
[Source "ChessBase"]
[SourceDate "2020.03.31"]
[SourceVersion "1"]
[SourceVersionDate "2020.03.31"]
[SourceQuality "1"]
[WhiteTeam "Soldados del Amor"]
[BlackTeam "Clemente Guido"]
[WhiteTeamCountry "NCA"]
[BlackTeamCountry "NCA"]

1. e4 g6 2. d4 Bg7 3. Nc3 d6 4. Be3 Nf6 5. Qd2 c6 6. f3 Be6 7. Nge2 Qa5 8. Nf4 Na6 9. Nxe6 fxe6 10. Be2 0-0 11. 0-0 b5 12. a3 d5 13. e5 Nd7 14. b4 Qb6 15. Nd1 Nc7 16. Nf2 a5 17. c3 Ra7 18. Bh6 Rfa8 19. Bxg7 Kxg7 20. Qg5 Kf7 21. Rac1 axb4 22. axb4 Nf8 23. h4 Ne8 24. Qf4+ Kg8 25. Ng4 Ng7 26. Nh6+ Kh8 27. Qf7 Nd7 28. Qg8+ Rxg8 29. Nf7# 1-0

[Event "Managua Gomez Argenal Memorial 19th"]
[Site "Managua"]
[Date "2019.06.09"]
[Round "6"]
[White "Diego Martinez, Humberto Jose"]
[Black "Avalos, Carlos"]
[Result "1/2-1/2"]
[WhiteElo "2030"]
[BlackElo "1831"]
[PlyCount "63"]
[EventDate "2019.06.16"]
[EventType "swiss"]
[EventRounds "9"]
[EventCountry "NCA"]
[SourceTitle "EXT 2020"]
[Source "ChessBase"]
[SourceDate "2019.10.17"]
[SourceVersion "1"]
[SourceVersionDate "2019.10.17"]
[SourceQuality "1"]

1. e4 d5 2. exd5 Nf6 3. d4 Nxd5 4. Nf3 Bg4 5. Be2 e6 6. 0-0 Be7 7. c4 Nb6 8. Nc3 c6 9. b3 0-0 10. Ne4 N8d7 11. Bb2 Nf6 12. Ng3 Qc7 13. h3 Bxf3 14. Bxf3 Rad8 15. Qe2 Rfe8 16. Rad1 Qf4 17. Ne4 Nxe4 18. Bxe4 Bf6 19. g3 Qc7 20. Rd3 Rd7 21. Rfd1 Red8 22. h4 Nc8 23. Bg2 Ne7 24. Bh3 Qb6 25. Qe4 g6 26. h5 Nf5 27. c5 Qc7 28. g4 Ne7 29. Bc1 Rd5 30. hxg6 Nxg6 31. f4 Qd7 32. Be3 1/2-1/2

[Event "NCA-ch sf"]
[Site "Managua"]
[Date "2019.02.10"]
[Round "2"]
[White "Ferrufino, Michelle"]
[Black "Diego Martinez, Humberto Jose"]
[Result "0-1"]
[WhiteElo "1760"]
[BlackElo "2029"]
[PlyCount "88"]
[EventDate "2019.02.09"]
[EventType "tourn"]
[EventRounds "9"]
[EventCountry "NCA"]
[SourceTitle "CBM 190 Extra"]
[Source "ChessBase"]
[SourceDate "2019.07.15"]
[SourceVersion "1"]
[SourceVersionDate "2019.07.15"]
[SourceQuality "1"]

1. e4 e6 2. d4 d5 3. exd5 exd5 4. Nf3 Nc6 5. h3 Bd6 6. Bd3 Nge7 7. c3 Bf5 8. 0-0 Qd7 9. Be3 f6 10. Bxf5 Qxf5 11. Nbd2 g5 12. Nh2 h5 13. Qf3 Qg6 14. Qe2 g4 15. h4 0-0-0 16. b4 Nf5 17. g3 Rde8 18. Qd3 Nxh4 19. Qxg6 Nxg6 20. Kg2 f5 21. b5 Nd8 22. Bg5 h4 23. Rfe1 hxg3 24. fxg3 Ne6 25. Bf6 Rhf8 26. Be5 Bxe5 27. dxe5 Ng5 28. c4 d4 29. Nb3 d3 30. Rad1 Nxe5 31. Nd2 Nh3 32. Re3 f4 33. gxf4 Nxf4+ 34. Kg3 Ne2+ 35. Kg2 g3 36. Rxg3 Nxg3 37. Kxg3 Rf7 38. Nhf3 Rg8+ 39. Kf2 Ng4+ 40. Kf1 Ne3+ 41. Ke1 Nxd1 42. Kxd1 Rg3 43. Ne1 Rg1 44. a4 b6 0-1

[Event "NCA-ch sf"]
[Site "Managua"]
[Date "2019.02.09"]
[Round "1"]
[White "Diego Martinez, Humberto Jose"]
[Black "Berrios, Natanael"]
[Result "1-0"]
[WhiteElo "2029"]
[BlackElo "1792"]
[PlyCount "71"]
[EventDate "2019.02.09"]
[EventType "tourn"]
[EventRounds "9"]
[EventCountry "NCA"]
[SourceTitle "CBM 190 Extra"]
[Source "ChessBase"]
[SourceDate "2019.07.15"]
[SourceVersion "1"]
[SourceVersionDate "2019.07.15"]
[SourceQuality "1"]

1. Nf3 c5 2. g3 d6 3. Bg2 Nc6 4. 0-0 Nf6 5. d3 e6 6. c3 Be7 7. e4 0-0 8. Nbd2 Qc7 9. Re1 Nd7 10. Nf1 Rb8 11. h4 b5 12. d4 cxd4 13. cxd4 Bb7 14. Bg5 f6 15. Bf4 e5 16. Be3 Ba8 17. Rc1 Qb7 18. h5 Rfe8 19. d5 Nd8 20. Nh4 Nf7 21. Qg4 Bf8 22. Bh3 Nc5 23. Red1 a5 24. Nf5 Kh8 25. Nh2 Rec8 26. Nf3 Na4 27. Rxc8 Rxc8 28. Nxg7 Bxg7 29. Qxc8+ Qxc8 30. Bxc8 b4 31. Bc1 Bh6 32. Be3 Bxe3 33. fxe3 Bxd5 34. exd5 Ng5 35. Nxg5 fxg5 36. h6 1-0

[Event "NCA-ch 2nd phase"]
[Site "Managua"]
[Date "2019.02.03"]
[Round "8"]
[White "Diego Martinez, Humberto Jose"]
[Black "Castillo Sevilla, Ian Eiffel"]
[Result "1/2-1/2"]
[WhiteElo "2029"]
[BlackElo "1936"]
[PlyCount "52"]
[EventDate "2019.01.19"]
[EventType "swiss"]
[EventRounds "9"]
[EventCountry "NCA"]
[SourceTitle "CBM 189 Extra"]
[Source "ChessBase"]
[SourceDate "2019.06.03"]
[SourceVersion "1"]
[SourceVersionDate "2019.06.03"]
[SourceQuality "1"]

1. e4 c5 2. Nf3 Nc6 3. d4 cxd4 4. Nxd4 g6 5. Nc3 Bg7 6. Be3 Nf6 7. Bc4 0-0 8. Bb3 Qa5 9. 0-0 d6 10. h3 Bd7 11. Re1 Rac8 12. Nf3 Rfe8 13. Qe2 Qh5 14. Rad1 h6 15. Nd5 Nxe4 16. Nf4 Qf5 17. g4 Qf6 18. Nd5 Qxb2 19. Bc1 Nc3 20. Qd3 Qa1 21. Ba3 Nxd1 22. Rxd1 Ne5 23. Kg2 Kh7 24. Kg1 Kg8 25. Kg2 Kh7 26. Kg1 Kg8 1/2-1/2